Enfoques del fenómeno financiero desde el punto de vista de la voluntariedad y de la sociologia (Registro nro. 28523)
[ vista simple ]
| 000 -LEADER | |
|---|---|
| fixed length control field | 00441 a2200109 4500 |
| 001 - CONTROL NUMBER | |
| control field | ART_23332 |
| 005 - DATE AND TIME OF LATEST TRANSACTION | |
| control field | 20260410161930.0 |
| 008 - FIXED-LENGTH DATA ELEMENTS--GENERAL INFORMATION | |
| fixed length control field | 260409a |
| 100 1# - MAIN ENTRY--PERSONAL NAME | |
| Personal name | Cosciani, Cesare |
| 245 10 - TITLE STATEMENT | |
| Title | Enfoques del fenómeno financiero desde el punto de vista de la voluntariedad y de la sociologia |
| 773 0# - HOST ITEM ENTRY | |
| Title | Revista de la Facultad de Ciencias Económicas de la Universidad de Cuyo |
| Related parts | - Año XII, Nº 34 (ene./abr. 1960) |
| Record control number | REV22981 |
No hay ítems disponibles.